000 00887nam a2200253 a 4500
003 BD-DhJNU
005 20251104065630.0
008 081121s2010 nyuag b 001 0 eng
020 _a9780195327793
_qpbk.
020 _a0195327799
_qpbk.
035 _a(OCoLC)276515073
040 _aBD-DhJNU
_bENG
_cBD-DhJNU
_dBD-DhJNU
082 0 0 _a781.542 BUH
_223
100 1 _aBuhler, James
245 1 0 _aHearing the movies :
_bmusic and sound in film history /
_cJames Buhler, David Neumeyer and Rob Deemer
260 _aNew York :
_bOxford University Press,
_c2010.
300 _axxiii, 470 p. :
_bill., music ;
_c24 cm.
504 _aIncludes bibliographical references (p. 437-445) and index.
650 0 _aMotion picture music
_xHistory and criticism.
650 0 _aFilm soundtracks
_xProduction and direction
_xHistory.
700 1 _aNeumeyer, David
700 1 _aDeemer, Rob
942 _cBK
999 _c2342
_d2342